[Event "Chelyabinskiy variant-A 2021"]
[Site "Chelyabinsk"]
[Date "2021.03.28"]
[Round "7.3"]
[White "Lysyj, Igor"]
[Black "Shuvalova, Polina"]
[Result "1/2-1/2"]
[WhiteElo "2605"]
[BlackElo "2476"]
[Annotator "ChessBase"]
[PlyCount "127"]
[EventDate "2021.03.23"]
[EventType "swiss"]
[EventCountry "RUS"]
[SourceTitle "playchess.com"]
[Source "ChessBase"]
[SourceQuality "1"]
[TimeControl "5400+30"]

1. d4 {[%emt 0:05:26]} Nf6 {[%emt 0:00:00]} 2. c4 {[%emt 0:00:04]} e6 {[%emt 0:00:00]} 3. Nf3 {[%emt 0:00:04]} d5 {[%emt 0:00:00]} 4. g3 {[%emt 0:00:04]} Be7 {[%emt 0:00:51]} 5. Bg2 {[%emt 0:00:21]} O-O {[%emt 0:00:06]} 6. Qd3 {[%emt 0:00:03]} c5 {[%emt 0:06:24]} 7. O-O {[%emt 0:00:13]} Nc6 {[%emt 0:03:03]} 8. cxd5 {[%emt 0:01:00]} Nxd5 {[%emt 0:03:52]} 9. dxc5 {[%emt 0:05:44]} Bxc5 {[%emt 0:00:26]} 10. a3 {[%emt 0:07:19]} Be7 {[%emt 0:02:24]} 11. Rd1 {[%emt 0:02:59]} Qc7 {[%emt 0:08:16]} 12. e4 {[%emt 0:07:53]} Nb6 {[%emt 0:02:12]} 13. Qc2 {[%emt 0:02:03]} Rd8 {[%emt 0:04:54]} 14. Rxd8+ {[%emt 0:00:47]} Qxd8 {[%emt 0:00:22]} 15. Bf4 {[%emt 0:01:40]} Bd7 {[%emt 0:07:00]} 16. Nc3 {[%emt 0:00:39]} Rc8 {[%emt 0:00:38]} 17. Rd1 {[%emt 0:05:16]} Qf8 {[%emt 0:02:59]} 18. Qe2 {[%emt 0:05:40]} h6 {[%emt 0:03:47]} 19. Nb5 {[%emt 0:04:40]} e5 {[%emt 0:01:55]} 20. Be3 {[%emt 0:08:50]} Bc5 {[%emt 0:02:08]} 21. Bxc5 {[%emt 0:07:40]} Qxc5 {[%emt 0:00:06]} 22. b4 {[%emt 0:01:30]} Qe7 {[%emt 0:01:25]} 23. Nd6 {[%emt 0:01:05]} Rc7 {[%emt 0:01:55]} 24. Nb5 {[%emt 0:02:58]} Rc8 {[%emt 0:00:05]} 25. Nd6 {[%emt 0:00:04]} Rc7 {[%emt 0:01:13]} 26. Nf5 {[%emt 0:00:07]} Qe8 {[%emt 0:04:43]} 27. Qc2 {[%emt 0:05:43]} Bxf5 {[%emt 0:10:35]} 28. exf5 {[%emt 0:00:05]} Re7 {[%emt 0:05:20]} 29. Qe4 {[%emt 0:04:32]} Nd7 {[%emt 0:04:28]} 30. b5 {[%emt 0:00:54]} Nf6 {[%emt 0:00:32]} 31. Qa4 {[%emt 0:02:57]} Nd4 {[%emt 0:00:35]} 32. Nxd4 {[%emt 0:00:36]} exd4 {[%emt 0:00:03]} 33. Bf1 {[%emt 0:01:03]} b6 {[%emt 0:05:03]} 34. Qxd4 {[%emt 0:01:21]} Rd7 {[%emt 0:00:46]} 35. Qa1 {[%emt 0:00:06]} Qe4 {[%emt 0:00:50]} 36. Qc1 {[%emt 0:04:28]} Kh7 {[%emt 0:05:05]} 37. Rxd7 {[%emt 0:02:35]} Nxd7 {[%emt 0:00:02]} 38. Qc4 {[%emt 0:00:32]} Qxc4 {[%emt 0:04:52]} 39. Bxc4 {[%emt 0:00:02]} Kg8 {[%emt 0:00:29]} 40. f4 {[%emt 0:00:21]} Kf8 {[%emt 0:00:17]} 41. Kf2 {[%emt 0:00:16]} Ke7 {[%emt 0:01:33]} 42. Kf3 {[%emt 0:02:36]} Nc5 {[%emt 0:02:23]} 43. g4 {[%emt 0:00:59]} Kf6 {[%emt 0:04:03]} 44. Ke3 {[%emt 0:01:55]} Ke7 {[%emt 0:01:39]} 45. Kf3 {[%emt 0:00:13]} Kf6 {[%emt 0:00:21]} 46. h4 {[%emt 0:02:42]} Nb7 {[%emt 0:00:07]} 47. Bd3 {[%emt 0:01:29]} Nd6 {[%emt 0:01:25]} 48. g5+ {[%emt 0:02:17]} hxg5 {[%emt 0:01:35]} 49. fxg5+ {[%emt 0:00:05]} Ke7 {[%emt 0:01:09]} 50. Ke3 {[%emt 0:02:03]} f6 {[%emt 0:00:12]} 51. Kd4 {[%emt 0:00:43]} Nf7 {[%emt 0:00:25]} 52. gxf6+ {[%emt 0:00:25]} gxf6 {[%emt 0:00:50]} 53. Kd5 {[%emt 0:00:23]} Kd7 {[%emt 0:00:15]} 54. Be2 {[%emt 0:00:07]} Nh6 {[%emt 0:00:32]} 55. Bh5 {[%emt 0:00:12]} Ng8 {[%emt 0:00:04]} 56. Bf7 {[%emt 0:01:21]} Nh6 {[%emt 0:00:03]} 57. Be6+ {[%emt 0:00:10]} Kc7 {[%emt 0:00:02]} 58. a4 {[%emt 0:01:06]} Ng4 {[%emt 0:00:09]} 59. Bf7 {[%emt 0:00:17]} Kd7 {[%emt 0:00:16]} 60. Be6+ {[%emt 0:00:08]} Kc7 {[%emt 0:00:01]} 61. h5 {[%emt 0:00:34]} Ne3+ {[%emt 0:00:29]} 62. Kd4 {[%emt 0:00:32]} Ng4 {[%emt 0:00:04]} 63. Bc4 {[%emt 0:00:36]} Kd6 {[%emt 0:00:07]} 64. Be2 {[%emt 0:00:04]} 1/2-1/2

[Event "Chelyabinskiy variant-A 2021"]
[Site "Chelyabinsk"]
[Date "2021.03.28"]
[Round "7.4"]
[White "Shomoev, Anton"]
[Black "Girya, Olga"]
[Result "1-0"]
[WhiteElo "2563"]
[BlackElo "2432"]
[Annotator "ChessBase"]
[PlyCount "101"]
[EventDate "2021.03.23"]
[EventType "swiss"]
[EventCountry "RUS"]
[SourceTitle "playchess.com"]
[Source "ChessBase"]
[SourceQuality "1"]
[TimeControl "5400+30"]

1. e4 {[%emt 0:00:00]} e5 {[%emt 0:05:46]} 2. Nf3 {[%emt 0:00:00]} Nc6 {[%emt 0:00:05]} 3. Bb5 {[%emt 0:00:00]} a6 {[%emt 0:00:09]} 4. Ba4 {[%emt 0:00:00]} Nf6 {[%emt 0:00:12]} 5. O-O {[%emt 0:00:00]} Nxe4 {[%emt 0:00:24]} 6. d4 {[%emt 0:00:03]} b5 {[%emt 0:00:14]} 7. Bb3 {[%emt 0:00:03]} d5 {[%emt 0:00:15]} 8. dxe5 {[%emt 0:00:06]} Be6 {[%emt 0:00:09]} 9. Nbd2 {[%emt 0:00:03]} Nc5 {[%emt 0:00:32]} 10. c3 {[%emt 0:00:07]} d4 {[%emt 0:00:26]} 11. Bxe6 {[%emt 0:00:24]} Nxe6 {[%emt 0:00:05]} 12. cxd4 {[%emt 0:00:06]} Ncxd4 {[%emt 0:00:19]} 13. a4 {[%emt 0:00:04]} Bb4 {[%emt 0:00:56]} 14. axb5 {[%emt 0:03:20]} Nxb5 {[%emt 0:02:12]} 15. Nc4 {[%emt 0:01:11]} Qxd1 {[%emt 0:11:49]} 16. Rxd1 {[%emt 0:00:33]} O-O {[%emt 0:01:23]} 17. Be3 {[%emt 0:00:21]} Rfb8 {[%emt 0:24:39]} 18. Na5 {[%emt 0:02:25]} Bxa5 {[%emt 0:00:46]} 19. Rxa5 {[%emt 0:00:04]} c5 {[%emt 0:04:29]} 20. Rda1 {[%emt 0:02:07]} Nbd4 {[%emt 0:09:40]} 21. Bxd4 {[%emt 0:03:36]} Nxd4 {[%emt 0:06:18]} 22. Nxd4 {[%emt 0:08:16]} cxd4 {[%emt 0:00:01]} 23. Rxa6 {[%emt 0:00:31]} Rxa6 {[%emt 0:00:12]} 24. Rxa6 {[%emt 0:00:05]} g5 {[%emt 0:05:26]} 25. h4 {[%emt 0:12:00]} gxh4 {[%emt 0:00:08]} 26. Rd6 {[%emt 0:00:17]} Rxb2 {[%emt 0:00:15]} 27. Rxd4 {[%emt 0:00:09]} Rb1+ {[%emt 0:00:17]} 28. Kh2 {[%emt 0:00:02]} Re1 {[%emt 0:00:33]} 29. Rg4+ {[%emt 0:00:06]} Kf8 {[%emt 0:07:25]} 30. f4 {[%emt 0:00:27]} f6 {[%emt 0:01:15]} 31. exf6 {[%emt 0:00:53]} Re6 {[%emt 0:00:03]} 32. Rxh4 {[%emt 0:00:11]} Rxf6 {[%emt 0:00:06]} 33. Kg3 {[%emt 0:00:20]} Kg7 {[%emt 0:00:53]} 34. Rh5 {[%emt 0:01:57]} Ra6 {[%emt 0:01:56]} 35. Kg4 {[%emt 0:00:22]} Ra1 {[%emt 0:09:42]} 36. Rb5 {[%emt 0:00:44]} Rg1 {[%emt 0:04:38]} 37. g3 {[%emt 0:00:15]} Kf7 {[%emt 0:02:32]} 38. Rb7+ {[%emt 0:02:47]} Kg8 {[%emt 0:00:43]} 39. Kh4 {[%emt 0:00:50]} Rg2 {[%emt 0:01:13]} 40. f5 {[%emt 0:08:05]} Rg1 {[%emt 0:01:07]} 41. g4 {[%emt 0:02:47]} Ra1 {[%emt 0:00:16]} 42. Kg5 {[%emt 0:00:08]} Ra6 {[%emt 0:00:33]} 43. Re7 {[%emt 0:00:25]} Rb6 {[%emt 0:00:21]} 44. Re6 {[%emt 0:00:53]} Rb4 {[%emt 0:00:23]} 45. Kf6 {[%emt 0:01:42]} h6 {[%emt 0:01:12]} 46. Re8+ {[%emt 0:01:16]} Kh7 {[%emt 0:00:00]} 47. Re7+ {[%emt 0:00:07]} Kh8 {[%emt 0:00:40]} 48. g5 {[%emt 0:00:16]} hxg5 {[%emt 0:00:29]} 49. Kg6 {[%emt 0:00:01]} Rb8 {[%emt 0:00:22]} 50. f6 {[%emt 0:01:53]} Rg8+ {[%emt 0:00:22]} 51. Kh6 {[%emt 0:01:08]} 1-0

[Event "Chelyabinskiy variant-A 2021"]
[Site "Chelyabinsk"]
[Date "2021.03.28"]
[Round "7.5"]
[White "Frolyanov, Dmitry"]
[Black "Makarian, Rudik"]
[Result "1/2-1/2"]
[WhiteElo "2542"]
[BlackElo "2458"]
[Annotator "ChessBase"]
[PlyCount "33"]
[EventDate "2021.03.23"]
[EventType "swiss"]
[EventCountry "RUS"]
[SourceTitle "playchess.com"]
[Source "ChessBase"]
[SourceQuality "1"]
[TimeControl "5400+30"]

1. e4 {[%emt 0:00:00]} e5 {[%emt 0:04:54]} 2. Nf3 {[%emt 0:00:00]} Nc6 {[%emt 0:00:03]} 3. Bb5 {[%emt 0:00:00]} Nf6 {[%emt 0:00:08]} 4. O-O {[%emt 0:00:00]} Nxe4 {[%emt 0:00:03]} 5. Re1 {[%emt 0:00:08]} Nd6 {[%emt 0:00:05]} 6. Nxe5 {[%emt 0:00:07]} Be7 {[%emt 0:00:04]} 7. Bf1 {[%emt 0:00:13]} Nxe5 {[%emt 0:00:04]} 8. Rxe5 {[%emt 0:00:14]} O-O {[%emt 0:00:05]} 9. Nc3 {[%emt 0:00:22]} Ne8 {[%emt 0:04:22]} 10. Nd5 {[%emt 0:01:02]} Bd6 {[%emt 0:00:39]} 11. Re1 {[%emt 0:00:40]} c6 {[%emt 0:00:08]} 12. Ne3 {[%emt 0:00:06]} Bc7 {[%emt 0:00:03]} 13. Nf5 {[%emt 0:00:16]} d5 {[%emt 0:00:03]} 14. Ne7+ {[%emt 0:00:07]} Kh8 {[%emt 0:00:02]} 15. Nxc8 {[%emt 0:00:08]} Rxc8 {[%emt 0:00:28]} 16. d3 {[%emt 0:00:19]} f5 {[%emt 0:03:43]} 17. Qh5 {[%emt 0:03:42]} 1/2-1/2

[Event "Chelyabinskiy variant-A 2021"]
[Site "Chelyabinsk"]
[Date "2021.03.28"]
[Round "7.6"]
[White "Demchenko, Anton"]
[Black "Gleizerov, Evgeny"]
[Result "1/2-1/2"]
[WhiteElo "2610"]
[BlackElo "2468"]
[Annotator "ChessBase"]
[PlyCount "137"]
[EventDate "2021.03.23"]
[EventType "swiss"]
[EventCountry "RUS"]
[SourceTitle "playchess.com"]
[Source "ChessBase"]
[SourceQuality "1"]
[TimeControl "5400+30"]

1. d4 {[%emt 0:00:22]} e6 {[%emt 0:00:00]} 2. e4 {[%emt 0:01:21]} d5 {[%emt 0:00:11]} 3. Nd2 {[%emt 0:00:04]} Nf6 {[%emt 0:00:06]} 4. e5 {[%emt 0:00:06]} Nfd7 {[%emt 0:00:05]} 5. c3 {[%emt 0:00:08]} c5 {[%emt 0:00:04]} 6. f4 {[%emt 0:00:04]} Nc6 {[%emt 0:00:06]} 7. Ndf3 {[%emt 0:00:21]} Qb6 {[%emt 0:00:06]} 8. a3 {[%emt 0:01:01]} Be7 {[%emt 0:02:14]} 9. h4 {[%emt 0:00:06]} h5 {[%emt 0:02:45]} 10. Nh3 {[%emt 0:06:07]} cxd4 {[%emt 0:01:21]} 11. cxd4 {[%emt 0:01:02]} f5 {[%emt 0:00:07]} 12. Be2 {[%emt 0:01:35]} g6 {[%emt 0:00:53]} 13. O-O {[%emt 0:03:05]} a5 {[%emt 0:03:01]} 14. b3 {[%emt 0:01:47]} Ndb8 {[%emt 0:00:26]} 15. Be3 {[%emt 0:03:08]} Bd7 {[%emt 0:02:17]} 16. Nf2 {[%emt 0:04:08]} Na6 {[%emt 0:14:41]} 17. Nd3 {[%emt 0:04:47]} Rc8 {[%emt 0:03:33]} 18. Qd2 {[%emt 0:12:26]} Ncb8 {[%emt 0:10:59]} 19. b4 {[%emt 0:09:59]} axb4 {[%emt 0:03:41]} 20. axb4 {[%emt 0:01:02]} Bb5 {[%emt 0:00:44]} 21. Rfb1 {[%emt 0:10:52]} Kf7 {[%emt 0:09:59]} 22. Nc5 {[%emt 0:02:09]} Nc7 {[%emt 0:01:22]} 23. Bd1 {[%emt 0:03:43]} Qc6 {[%emt 0:06:47]} 24. Rc1 {[%emt 0:10:53]} b6 {[%emt 0:11:05]} 25. Na4 {[%emt 0:14:44]} Qb7 {[%emt 0:01:04]} 26. Nc3 {[%emt 0:00:13]} Bc4 {[%emt 0:01:56]} 27. b5 {[%emt 0:03:44]} Nxb5 {[%emt 0:03:00]} 28. Na4 {[%emt 0:00:00]} Nc7 {[%emt 0:02:28]} 29. Rab1 {[%emt 0:02:02]} b5 {[%emt 0:01:30]} 30. Nb2 {[%emt 0:00:11]} Qc6 {[%emt 0:04:12]} 31. Qf2 {[%emt 0:00:55]} Qd7 {[%emt 0:00:21]} 32. Be2 {[%emt 0:01:33]} Nc6 {[%emt 0:00:37]} 33. Nd3 {[%emt 0:00:05]} Ra8 {[%emt 0:00:59]} 34. Qg3 {[%emt 0:01:05]} Ra3 {[%emt 0:01:34]} 35. Rd1 {[%emt 0:00:10]} b4 {[%emt 0:03:05]} 36. Bc1 {[%emt 0:01:01]} Ra2 {[%emt 0:00:12]} 37. Bb2 {[%emt 0:00:11]} Kg7 {[%emt 0:04:33]} 38. Nc1 {[%emt 0:01:03]} Bxe2 {[%emt 0:00:42]} 39. Nxe2 {[%emt 0:00:28]} Na5 {[%emt 0:02:01]} 40. Nc1 {[%emt 0:00:01]} Ra4 {[%emt 0:00:01]} 41. Nd3 {[%emt 0:00:44]} Nc4 {[%emt 0:00:40]} 42. Nc5 {[%emt 0:00:52]} Bxc5 {[%emt 0:00:14]} 43. dxc5 {[%emt 0:00:01]} Qe7 {[%emt 0:00:48]} 44. Bd4 {[%emt 0:00:16]} Rb8 {[%emt 0:02:16]} 45. Rd3 {[%emt 0:01:39]} Na6 {[%emt 0:01:15]} 46. Kh2 {[%emt 0:00:45]} Ra3 {[%emt 0:00:58]} 47. Rdd1 {[%emt 0:00:56]} Ne3 {[%emt 0:01:08]} 48. Bxe3 {[%emt 0:00:14]} Rxe3 {[%emt 0:00:00]} 49. c6 {[%emt 0:00:08]} Rc3 {[%emt 0:00:23]} 50. Rdc1 {[%emt 0:00:27]} Rxc1 {[%emt 0:01:05]} 51. Rxc1 {[%emt 0:00:00]} b3 {[%emt 0:00:11]} 52. Rb1 {[%emt 0:00:28]} Nc5 {[%emt 0:01:36]} 53. Ng5 {[%emt 0:01:31]} Ne4 {[%emt 0:00:17]} 54. Qe3 {[%emt 0:00:20]} Nxg5 {[%emt 0:00:15]} 55. hxg5 {[%emt 0:00:05]} b2 {[%emt 0:00:07]} 56. Qc3 {[%emt 0:01:00]} Qc7 {[%emt 0:00:13]} 57. Qc5 {[%emt 0:00:30]} Rb6 {[%emt 0:00:27]} 58. Qa3 {[%emt 0:00:50]} Kf7 {[%emt 0:00:35]} 59. Rxb2 {[%emt 0:00:24]} Rxb2 {[%emt 0:00:03]} 60. Qxb2 {[%emt 0:00:05]} Qxc6 {[%emt 0:00:02]} 61. Qb8 {[%emt 0:00:54]} Qe8 {[%emt 0:00:20]} 62. Qc7+ {[%emt 0:00:25]} Qe7 {[%emt 0:00:07]} 63. Qb6 {[%emt 0:00:23]} Qd7 {[%emt 0:00:13]} 64. Qd4 {[%emt 0:00:26]} Ke8 {[%emt 0:00:56]} 65. Kg3 {[%emt 0:00:22]} Qc7 {[%emt 0:00:29]} 66. Qa4+ {[%emt 0:00:13]} Kf7 {[%emt 0:00:38]} 67. Qb4 {[%emt 0:00:10]} Qd7 {[%emt 0:00:23]} 68. Qd4 {[%emt 0:00:18]} Qb7 {[%emt 0:00:22]} 69. Qa4 {[%emt 0:00:18]} 1/2-1/2

[Event "Chelyabinskiy variant-A 2021"]
[Site "Chelyabinsk"]
[Date "2021.03.28"]
[Round "7.7"]
[White "Azarov, Sergei"]
[Black "Bryakin, Mikhail"]
[Result "1/2-1/2"]
[WhiteElo "2604"]
[BlackElo "2464"]
[Annotator "ChessBase"]
[PlyCount "90"]
[EventDate "2021.03.23"]
[EventType "swiss"]
[EventCountry "RUS"]
[SourceTitle "playchess.com"]
[Source "ChessBase"]
[SourceQuality "1"]
[TimeControl "5400+30"]

1. e4 {[%emt 0:00:00]} c6 {[%emt 0:00:00]} 2. d4 {[%emt 0:00:01]} d5 {[%emt 0:00:00]} 3. e5 {[%emt 0:00:17]} c5 {[%emt 0:00:00]} 4. dxc5 {[%emt 0:00:24]} e6 {[%emt 0:00:00]} 5. a3 {[%emt 0:00:57]} Bxc5 {[%emt 0:00:14]} 6. Qg4 {[%emt 0:02:57]} Ne7 {[%emt 0:00:22]} 7. Bd3 {[%emt 0:08:04]} h5 {[%emt 0:19:31]} 8. Qe2 {[%emt 0:02:34]} Nbc6 {[%emt 0:02:06]} 9. Nf3 {[%emt 0:00:46]} Qc7 {[%emt 0:01:08]} 10. O-O {[%emt 0:11:16]} Nd4 {[%emt 0:03:41]} 11. Nxd4 {[%emt 0:00:21]} Bxd4 {[%emt 0:00:09]} 12. Re1 {[%emt 0:00:20]} Nc6 {[%emt 0:01:19]} 13. Bb5 {[%emt 0:00:29]} Bd7 {[%emt 0:01:21]} 14. Bxc6 {[%emt 0:03:15]} Bxc6 {[%emt 0:01:28]} 15. c3 {[%emt 0:03:20]} Bb6 {[%emt 0:02:56]} 16. Bg5 {[%emt 0:02:38]} d4 {[%emt 0:17:28]} 17. cxd4 {[%emt 0:03:41]} Bxd4 {[%emt 0:00:58]} 18. Nc3 {[%emt 0:00:38]} Bxc3 {[%emt 0:06:49]} 19. bxc3 {[%emt 0:00:05]} Bd5 {[%emt 0:00:56]} 20. Qe3 {[%emt 0:13:49]} b6 {[%emt 0:08:57]} 21. Rad1 {[%emt 0:01:38]} Rc8 {[%emt 0:01:16]} 22. Rd3 {[%emt 0:01:27]} Qc4 {[%emt 0:00:46]} 23. h3 {[%emt 0:02:57]} Qa4 {[%emt 0:07:28]} 24. Red1 {[%emt 0:01:54]} Rc4 {[%emt 0:03:40]} 25. Rd4 {[%emt 0:04:38]} Qb3 {[%emt 0:00:33]} 26. R1d3 {[%emt 0:02:36]} Rxd4 {[%emt 0:05:13]} 27. Qxd4 {[%emt 0:04:16]} O-O {[%emt 0:01:40]} 28. Rg3 {[%emt 0:05:22]} Rc8 {[%emt 0:01:25]} 29. Bf6 {[%emt 0:02:42]} g6 {[%emt 0:00:21]} 30. Qf4 {[%emt 0:09:56]} Kh7 {[%emt 0:00:24]} 31. Be7 {[%emt 0:04:18]} Qb1+ {[%emt 0:02:27]} 32. Kh2 {[%emt 0:00:03]} Qf5 {[%emt 0:00:16]} 33. Qxf5 {[%emt 0:00:29]} gxf5 {[%emt 0:01:18]} 34. Rg5 {[%emt 0:01:48]} Kh6 {[%emt 0:01:12]} 35. h4 {[%emt 0:01:58]} f4 {[%emt 0:01:51]} 36. f3 {[%emt 0:00:12]} Bb3 {[%emt 0:01:30]} 37. Bf6 {[%emt 0:01:11]} Bc2 {[%emt 0:00:20]} 38. Rg7 {[%emt 0:00:31]} Bg6 {[%emt 0:00:40]} 39. c4 {[%emt 0:01:29]} a6 {[%emt 0:02:03]} 40. Kg1 {[%emt 0:00:11]} b5 {[%emt 0:00:58]} 41. cxb5 {[%emt 0:00:23]} axb5 {[%emt 0:00:05]} 42. Kh2 {[%emt 0:00:12]} Ra8 {[%emt 0:00:24]} 43. Kg1 {[%emt 0:00:08]} Rc8 {[%emt 0:00:44]} 44. Kh2 {[%emt 0:00:09]} Ra8 {[%emt 0:00:23]} 45. Kg1 {[%emt 0:00:04]} Rc8 {[%emt 0:00:05]} 1/2-1/2

[Event "Chelyabinskiy variant-A 2021"]
[Site "Chelyabinsk"]
[Date "2021.03.28"]
[Round "7.8"]
[White "Zarubitski, Viachaslau"]
[Black "Petrov, Nikita"]
[Result "1/2-1/2"]
[WhiteElo "2446"]
[BlackElo "2571"]
[Annotator "ChessBase"]
[PlyCount "31"]
[EventDate "2021.03.23"]
[EventType "swiss"]
[EventCountry "RUS"]
[SourceTitle "playchess.com"]
[Source "ChessBase"]
[SourceQuality "1"]
[TimeControl "5400+30"]

1. e4 {[%emt 0:00:00]} e5 {[%emt 0:00:00]} 2. Nf3 {[%emt 0:00:00]} Nc6 {[%emt 0:00:07]} 3. Nc3 {[%emt 0:00:00]} Nf6 {[%emt 0:00:26]} 4. Bb5 {[%emt 0:00:00]} Bc5 {[%emt 0:01:37]} 5. O-O {[%emt 0:00:15]} O-O {[%emt 0:00:33]} 6. Bxc6 {[%emt 0:00:05]} dxc6 {[%emt 0:00:09]} 7. h3 {[%emt 0:00:05]} Re8 {[%emt 0:03:40]} 8. d3 {[%emt 0:00:08]} Nd7 {[%emt 0:01:28]} 9. Be3 {[%emt 0:00:51]} Bd6 {[%emt 0:00:53]} 10. Nd2 {[%emt 0:03:53]} Nf8 {[%emt 0:01:41]} 11. Nc4 {[%emt 0:02:53]} Ng6 {[%emt 0:01:52]} 12. a4 {[%emt 0:00:29]} Bf8 {[%emt 0:09:12]} 13. Ne2 {[%emt 0:03:53]} Be6 {[%emt 0:02:14]} 14. b3 {[%emt 0:03:48]} a5 {[%emt 0:04:09]} 15. Qc1 {[%emt 0:16:17]} Qd7 {[%emt 0:05:41]} 16. Ng3 1/2-1/2

[Event "Chelyabinskiy variant-A 2021"]
[Site "Chelyabinsk"]
[Date "2021.03.28"]
[Round "7.9"]
[White "Utegaliyev, Azamat"]
[Black "Gabrielian, Artur"]
[Result "1/2-1/2"]
[WhiteElo "2507"]
[BlackElo "2448"]
[Annotator "ChessBase"]
[PlyCount "89"]
[EventDate "2021.03.23"]
[EventType "swiss"]
[EventCountry "RUS"]
[SourceTitle "playchess.com"]
[Source "ChessBase"]
[SourceQuality "1"]
[TimeControl "5400+30"]

1. e4 {[%emt 0:01:08]} c5 {[%emt 0:00:00]} 2. Nc3 {[%emt 0:00:07]} d6 {[%emt 0:00:00]} 3. g3 {[%emt 0:00:27]} Nc6 {[%emt 0:00:23]} 4. Bg2 {[%emt 0:00:05]} g6 {[%emt 0:00:09]} 5. d3 {[%emt 0:00:05]} Bg7 {[%emt 0:00:04]} 6. Be3 {[%emt 0:00:33]} Nf6 {[%emt 0:02:38]} 7. Nge2 {[%emt 0:00:18]} O-O {[%emt 0:00:34]} 8. O-O {[%emt 0:00:05]} Rb8 {[%emt 0:02:00]} 9. h3 {[%emt 0:00:24]} b5 {[%emt 0:00:44]} 10. Qd2 {[%emt 0:00:22]} b4 {[%emt 0:00:29]} 11. Nd1 {[%emt 0:00:06]} Nd7 {[%emt 0:00:38]} 12. Bh6 {[%emt 0:01:29]} Nd4 {[%emt 0:02:35]} 13. Bxg7 {[%emt 0:02:25]} Kxg7 {[%emt 0:00:22]} 14. a3 {[%emt 0:01:43]} a5 {[%emt 0:02:53]} 15. Nxd4 {[%emt 0:01:34]} cxd4 {[%emt 0:00:05]} 16. axb4 {[%emt 0:00:04]} axb4 {[%emt 0:00:35]} 17. b3 {[%emt 0:00:27]} Qc7 {[%emt 0:03:18]} 18. f4 {[%emt 0:05:07]} e5 {[%emt 0:00:28]} 19. Nb2 {[%emt 0:00:46]} Nc5 {[%emt 0:04:47]} 20. f5 {[%emt 0:07:50]} f6 {[%emt 0:00:45]} 21. g4 {[%emt 0:00:23]} g5 {[%emt 0:12:00]} 22. Ra2 {[%emt 0:02:10]} Ba6 {[%emt 0:04:23]} 23. Rfa1 {[%emt 0:05:33]} Rb6 {[%emt 0:00:30]} 24. Na4 {[%emt 0:03:01]} Nxa4 {[%emt 0:00:33]} 25. Rxa4 {[%emt 0:00:05]} Qb7 {[%emt 0:00:41]} 26. Bf3 {[%emt 0:00:54]} h6 {[%emt 0:03:08]} 27. h4 {[%emt 0:07:37]} Rh8 {[%emt 0:05:37]} 28. Kg2 Qc6 29. Kg3 {[%emt 0:02:56]} Qb7 {[%emt 0:14:47]} 30. Rh1 {[%emt 0:02:02]} Bb5 {[%emt 0:01:32]} 31. Raa1 {[%emt 0:15:57]} Bc6 {[%emt 0:06:12]} 32. hxg5 {[%emt 0:06:16]} fxg5 {[%emt 0:03:20]} 33. Rh5 {[%emt 0:30:57]} Be8 {[%emt 0:06:49]} 34. Rxh6 {[%emt 0:00:43]} Rxh6 {[%emt 0:01:44]} 35. Qxg5+ {[%emt 0:00:02]} Kh7 {[%emt 0:04:32]} 36. Qd8 {[%emt 0:00:03]} Rc6 {[%emt 0:05:50]} 37. Qxe8 {[%emt 0:02:14]} Rc8 {[%emt 0:00:28]} 38. Ra7 {[%emt 0:01:10]} Qxa7 {[%emt 0:00:04]} 39. Qxc8 {[%emt 0:00:03]} Qe7 {[%emt 0:00:21]} 40. Kg2 {[%emt 0:00:34]} Kg7 {[%emt 0:01:39]} 41. Qc4 {[%emt 0:01:05]} Qg5 {[%emt 0:04:51]} 42. Qc7+ {[%emt 0:00:56]} Kh8 {[%emt 0:00:07]} 43. Qb8+ {[%emt 0:01:00]} Kg7 {[%emt 0:00:14]} 44. Qc7+ {[%emt 0:00:10]} Kh8 {[%emt 0:00:05]} 45. Qb8+ {[%emt 0:00:04]} 1/2-1/2

[Event "Chelyabinskiy variant-A 2021"]
[Site "Chelyabinsk"]
[Date "2021.03.28"]
[Round "7.10"]
[White "Salemgareev, Tagir"]
[Black "Suleymenov, Alisher"]
[Result "0-1"]
[WhiteElo "2480"]
[BlackElo "2440"]
[Annotator "ChessBase"]
[PlyCount "74"]
[EventDate "2021.03.23"]
[EventType "swiss"]
[EventCountry "RUS"]
[SourceTitle "playchess.com"]
[Source "ChessBase"]
[SourceQuality "1"]
[TimeControl "5400+30"]

1. d4 {[%emt 0:00:46]} Nf6 {[%emt 0:00:00]} 2. c4 {[%emt 0:00:06]} c5 {[%emt 0:00:00]} 3. d5 {[%emt 0:00:04]} g6 {[%emt 0:00:07]} 4. Nc3 {[%emt 0:00:07]} Bg7 {[%emt 0:00:05]} 5. e4 {[%emt 0:00:05]} d6 {[%emt 0:00:04]} 6. Nf3 {[%emt 0:00:03]} O-O {[%emt 0:00:05]} 7. h3 {[%emt 0:00:04]} e6 {[%emt 0:00:03]} 8. Bd3 {[%emt 0:00:05]} Na6 {[%emt 0:01:19]} 9. O-O {[%emt 0:01:52]} e5 {[%emt 0:00:04]} 10. a3 {[%emt 0:09:46]} Kh8 {[%emt 0:00:30]} 11. Rb1 {[%emt 0:00:57]} Ng8 {[%emt 0:00:53]} 12. Ne1 {[%emt 0:00:59]} f5 {[%emt 0:04:15]} 13. exf5 {[%emt 0:08:50]} gxf5 {[%emt 0:00:30]} 14. f4 {[%emt 0:00:03]} Nc7 {[%emt 0:18:14]} 15. Nc2 {[%emt 0:02:08]} e4 {[%emt 0:03:09]} 16. Be2 {[%emt 0:00:49]} a6 {[%emt 0:00:21]} 17. Bd2 {[%emt 0:01:45]} b5 {[%emt 0:07:32]} 18. b3 {[%emt 0:08:34]} Bd7 {[%emt 0:06:27]} 19. Qc1 {[%emt 0:09:56]} Ne7 {[%emt 0:07:57]} 20. Bd1 {[%emt 0:06:54]} a5 {[%emt 0:10:36]} 21. Ne2 {[%emt 0:03:07]} Rg8 {[%emt 0:06:40]} 22. Bc3 {[%emt 0:01:49]} Qf8 {[%emt 0:06:29]} 23. Ne3 {[%emt 0:01:11]} b4 {[%emt 0:00:11]} 24. Bxg7+ {[%emt 0:02:10]} Qxg7 {[%emt 0:00:52]} 25. Bc2 {[%emt 0:07:50]} bxa3 {[%emt 0:06:30]} 26. Qd1 {[%emt 0:27:29]} Ng6 {[%emt 0:07:54]} 27. Kh2 {[%emt 0:00:29]} Nh4 {[%emt 0:02:46]} 28. Rg1 {[%emt 0:02:57]} Qh6 {[%emt 0:01:56]} 29. Rf1 {[%emt 0:01:21]} Rg6 {[%emt 0:04:10]} 30. Qe1 {[%emt 0:00:37]} Rag8 {[%emt 0:00:43]} 31. Qc3+ {[%emt 0:00:32]} Qg7 {[%emt 0:01:15]} 32. Qxg7+ {[%emt 0:00:53]} R6xg7 {[%emt 0:00:01]} 33. Rf2 {[%emt 0:00:53]} Na6 {[%emt 0:00:54]} 34. Ra1 {[%emt 0:01:12]} Nb4 {[%emt 0:00:18]} 35. Nc3 {[%emt 0:00:27]} Rg3 {[%emt 0:01:08]} 36. Ncd1 {[%emt 0:00:00]} a2 {[%emt 0:00:39]} 37. Ng4 {[%emt 0:01:09]} fxg4 {[%emt 0:00:41]} 0-1